Quiz o Radomiu - Statystyki

Ogólne statystyki
  • Ten quiz został rozwiązany 742 razy
  • Średni wynik to 6 z 16
Statystyki odpowiedzi
Pytanie Odpowiedź % Poprawnych
Kraina historyczna w której miasto leży Małopolska
61%
Przez co w 1628 roku zostało zniszczone miasto Wielki Pożar
61%
Nazwa portu lotniczego Radom Warszawa-Radom
56%
W latach 1918–1939 w którym województwie był Radom kieleckie
53%
Jak nazywa się miasto powiatowe bezpośrednio na wschód od Radomia Zwoleń
40%
Na którym osiedlu znajduje się wspomniany port lotniczy Sadków
38%
Teren miasta z XX wieku zasadniczo odpowiada jakiej dzielnicy Radomia Śródmieście
37%
Na ile obszarów (osiedli i dzielnic) według Systemu Informacji Miejskiej dzieli sie Radom 56
36%
Hasło promocyjne miasta Radom – Siła w precyzji
36%
01.09.2023 r. Uniwersytet Technologiczno-Humanistyczny im. Kazimierza Pułaskiego zmienił nazwę na... Uniwersytet Radomski im. Kazimierza Pułaskiego
35%
Toponimia; Radom czyli gród należący do... Radomira
32%
Wymień 1. z 3. zabytkowych parków Radomia Leśniczówka / Park im. Tadeusza Kościuszki / Stary Ogród
28%
W latach 1816–1837 i 1863 Radom był stolicą którego województwa sandomierskiego
27%
Jak nazywa się droga główna z Radomia do Ostrowca Św. i Rzeszowa DK9
21%
2. najpopularniejsza identyfikacja narodowa w Radomiu według spisu ludności z 2021 roku angielska
13%
Związek wyznaniowy mający siedzibę w Radomiu Kościół w Radomiu
12%
Nie znaleziono quizów pasujących do podanych kryteriów
Rozkład punktacji
Procent ludzi z każdym wynikiem
Percentyl według liczby udzielonych odpowiedzi
Twoja historia wyników
Nie rozwiązałeś tego quizu